00409nam a2200193Ia 4500003000900000008004100009040001300050040001300063041000800076100001900084245003400103250001000137260001200147260000900159300001100168300001000179490001800189490000800207IT-RoPAU120407s9999 xx 000 0 und d aIT-RoPAU cIT-RoPAU afra aLucien Legrand aLa virginité dans la Bible. aParis aDu Cerf c1964 a160 p. c22 cm aLectio divina v139